00495nam a2200169Ia 4500003000900000008004100009020001500050040001600065080002000081245008000101260003400181300001000215650004100225650001600266650001500282700002800297IN-BaIIA211028s9999 xx 000 0 eng d a900414-030 cIIA Library a77(058)bBJP-72 4aThe British journal of photography annual 1972cedited by Geoffery Crawley aLondonbHenry Greenwoodc1972 a232p. aAstronomy and astrophysics thesaurus aPhotography aYear books aCrawley, Geoffrey., ed.